Drapeaux contenant une arme - Statistiques

Statistiques générales
  • Ce quiz a été pris 22 fois
  • Le résultat moyen est 7 sur 18
Statistiques - réponses
Réponses % Correct
Mozambique
95%
Angola
75%
Arabie saoudite
55%
Kenya
55%
Bélize
50%
Oman
50%
Eswatini
45%
Guatemala
45%
Sri lanka
45%
Équateur
35%
Iran
35%
Barbade
30%
Haïti
30%
Malte
20%
République dominicaine
20%
Salvador
20%
Venezuela
20%
Bolivie
15%
Aucun quiz correspondant
Distribution des résultats
% des personnes avec chaque résultat
Percentile par nombre de réponses
Votre historique - résultats
Vous n’avez pas pris ce quiz